[Event "Oberliga Nord W 2324"]
[Site "Germany"]
[Date "2023.12.03"]
[Round "3.1"]
[White "Ackermann, Dennie"]
[Black "Lichmann, Peter"]
[Result "0-1"]
[WhiteElo "2077"]
[BlackElo "2329"]
[PlyCount "42"]
[EventDate "2023.10.22"]
[EventType "team-tourn"]
[EventRounds "9"]
[EventCountry "GER"]
[SourceTitle "EXT 2025"]
[Source "ChessBase"]
[SourceDate "2024.10.14"]
[SourceVersion "1"]
[SourceVersionDate "2024.10.14"]
[SourceQuality "1"]
[WhiteTeam "Ricklingen"]
[BlackTeam "Werder Bremen III"]
[WhiteTeamCountry "GER"]
[BlackTeamCountry "GER"]

1. e4 d5 2. exd5 Qxd5 3. Nc3 Qa5 4. Nf3 Nf6 5. Bc4 Bg4 6. d4 Nc6 7. Bb5 0-0-0 8. Bxc6 bxc6 9. Bd2 Qf5 10. Qe2 Bxf3 11. gxf3 Kb7 12. Ne4 e5 13. dxe5 Qxe5 14. Bc3 Qf5 15. Bxf6 gxf6 16. Qe3 Qa5+ 17. c3 f5 18. b4 Qd5 19. Nd2 Bg7 20. c4 Qxd2+ 21. Qxd2 Rhe8+ 0-1

[Event "Oberliga Nord W 2223"]
[Site "Germany"]
[Date "2023.02.05"]
[Round "5.1"]
[White "Lichmann, Peter"]
[Black "Wittje, Berthold"]
[Result "1/2-1/2"]
[WhiteElo "2343"]
[BlackElo "2226"]
[PlyCount "57"]
[EventDate "2022.10.23"]
[EventType "team-tourn"]
[EventRounds "9"]
[EventCountry "GER"]
[SourceTitle "EXT 2025"]
[Source "ChessBase"]
[SourceDate "2024.10.14"]
[SourceVersion "1"]
[SourceVersionDate "2024.10.14"]
[SourceQuality "1"]
[WhiteTeam "Werder Bremen III"]
[BlackTeam "Oldenburg Union"]
[WhiteTeamCountry "GER"]
[BlackTeamCountry "GER"]

1. e4 Nf6 2. e5 Nd5 3. c4 Nb6 4. c5 Nd5 5. Nc3 e6 6. d4 b6 7. Nxd5 exd5 8. Be3 bxc5 9. dxc5 c6 10. a3 Ba6 11. Bd3 Bxd3 12. Qxd3 a5 13. b3 Na6 14. Rc1 Qb8 15. Nf3 Qa7 16. 0-0 Be7 17. Qc3 Nc7 18. Nd4 0-0 19. Nf5 Rfe8 20. Nxe7+ Rxe7 21. Bg5 Re6 22. f4 Rae8 23. Qg3 Kh8 24. Qh4 d6 25. exd6 Rxd6 26. f5 f6 27. Bd2 Rd7 28. Qa4 Nb5 29. Qxa5 1/2-1/2

[Event "Oberliga Nord W 1415"]
[Site "Germany"]
[Date "2014.10.19"]
[Round "2.3"]
[White "Lichmann, Peter"]
[Black "Kollars, Dmitrij"]
[Result "1/2-1/2"]
[WhiteElo "2332"]
[BlackElo "2347"]
[PlyCount "153"]
[EventDate "2014.09.22"]
[EventType "team-tourn"]
[EventRounds "9"]
[EventCountry "GER"]
[SourceTitle "EXT 2016"]
[Source "ChessBase"]
[SourceDate "2015.10.08"]
[SourceVersion "1"]
[SourceVersionDate "2015.10.08"]
[SourceQuality "1"]
[WhiteTeam "Werder Bremen II"]
[BlackTeam "Delmenhorst"]
[WhiteTeamCountry "GER"]
[BlackTeamCountry "GER"]

1. b3 Nf6 2. Bb2 g6 3. g4 h6 4. Bg2 Bg7 5. e3 d5 6. h3 c5 7. Ne2 Nc6 8. 0-0 0-0 9. f4 Re8 10. d4 Ne4 11. Nd2 f5 12. gxf5 gxf5 13. Nxe4 dxe4 14. c3 cxd4 15. cxd4 b6 16. Ng3 e6 17. Kh2 Ne7 18. Rg1 Nd5 19. Nh5 Re7 20. Qe2 Kh7 21. Ba3 Rc7 22. Nxg7 Rxg7 23. Bxe4 Rxg1 24. Rxg1 Bb7 25. Bd3 Qh4 26. Rg4 Qf6 27. Bd6 Rg8 28. Be5 Qf7 29. Qe1 Nf6 30. Bxf6 Qxf6 31. Rxg8 Kxg8 32. Bf1 Qd8 33. Bg2 Bxg2 34. Qg3+ Kh7 35. Qxg2 Qd5 36. Kg1 Qd7 37. h4 Qc7 38. Qe2 Qc1+ 39. Kg2 Kg7 40. h5 Kf7 41. a4 a5 42. Kf2 Qc3 43. Qd1 Qb2+ 44. Kg3 Qc3 45. Kf3 Qc6+ 46. Ke2 b5 47. axb5 Qxb5+ 48. Qd3 Qc6 49. Kd2 a4 50. d5 Qc5 51. dxe6+ Kxe6 52. Qa6+ Ke7 53. bxa4 Qb4+ 54. Ke2 Qb2+ 55. Kf3 Qb1 56. Qa7+ Ke6 57. Kf2 Qc2+ 58. Kg3 Qb1 59. Qa6+ Ke7 60. Qe2 Qa1 61. Qd3 Qg1+ 62. Kf3 Qh1+ 63. Kf2 Qh4+ 64. Kg2 Qg4+ 65. Kf1 Qxh5 66. Qd5 Qh3+ 67. Qg2 Qh5 68. Qb7+ Kd6 69. Qb6+ Kd7 70. Qd4+ Kc8 71. Qc5+ Kb8 72. Qb6+ Ka8 73. a5 Qd1+ 74. Kf2 Qd2+ 75. Kf3 Qd1+ 76. Kf2 Qd2+ 77. Kf3 1/2-1/2

[Event "BL2-Nord 1314"]
[Site "Germany"]
[Date "2013.10.13"]
[Round "1.4"]
[White "Petzold, Golo"]
[Black "Lichmann, Peter"]
[Result "1/2-1/2"]
[WhiteElo "2247"]
[BlackElo "2315"]
[PlyCount "47"]
[EventDate "2013.10.13"]
[EventType "team-tourn"]
[EventRounds "9"]
[EventCountry "GER"]
[SourceTitle "EXT 2015"]
[Source "ChessBase"]
[SourceDate "2014.11.20"]
[SourceVersion "1"]
[SourceVersionDate "2014.11.20"]
[SourceQuality "1"]
[WhiteTeam "Goettingen"]
[BlackTeam "Werder Bremen II"]
[WhiteTeamCountry "GER"]
[BlackTeamCountry "GER"]

1. d4 Nf6 2. Nf3 g6 3. g3 Bg7 4. Bg2 0-0 5. 0-0 d6 6. b3 Nbd7 7. Bb2 c5 8. c4 Rb8 9. Nc3 a6 10. dxc5 Nxc5 11. Nd4 Ne6 12. Nd5 Nxd5 13. cxd5 Nxd4 14. Bxd4 Bd7 15. Bxg7 Kxg7 16. Qd4+ f6 17. Rfc1 Rc8 18. Rxc8 Qxc8 19. Qe3 Kf7 20. Re1 Qd8 21. b4 a5 22. Qd4 axb4 23. Qxb4 b5 24. h3 1/2-1/2

[Event "BL2-Nord 1213"]
[Site "Germany"]
[Date "2012.10.14"]
[Round "1.3"]
[White "Lichmann, Peter"]
[Black "Bracker, Frank"]
[Result "0-1"]
[WhiteElo "2334"]
[BlackElo "2364"]
[PlyCount "80"]
[EventDate "2012.10.14"]
[EventType "team-tourn"]
[EventRounds "9"]
[EventCountry "GER"]
[SourceTitle "CBM 154 Extra"]
[Source "ChessBase"]
[SourceDate "2013.06.25"]
[SourceVersion "2"]
[SourceVersionDate "2013.06.25"]
[SourceQuality "1"]
[WhiteTeam "Werder Bremen II"]
[BlackTeam "Hamburger SK II"]
[WhiteTeamCountry "GER"]
[BlackTeamCountry "GER"]

1. b3 d5 2. Bb2 Bg4 3. f4 e6 4. g3 Nd7 5. Bg2 c6 6. Nf3 Ngf6 7. 0-0 a5 8. a4 Be7 9. e3 0-0 10. d3 b5 11. axb5 cxb5 12. Nbd2 Qb6 13. Bd4 Bc5 14. Qe1 a4 15. b4 Bxd4 16. Nxd4 e5 17. fxe5 Nxe5 18. h3 Bd7 19. g4 h6 20. N2f3 Rae8 21. Qc3 Rc8 22. Qb2 Ng6 23. Kh1 Rfe8 24. Rae1 Qd6 25. Nf5 Bxf5 26. gxf5 Ne5 27. Nd4 Qb6 28. e4 dxe4 29. Bxe4 Nc4 30. dxc4 Rxc4 31. Bd3 Rxd4 32. Rxe8+ Nxe8 33. Re1 Nf6 34. Qc3 Rh4 35. Kg2 Rf4 36. Qc5 Qb7+ 37. Kh2 Rf3 38. Bxb5 a3 39. Bf1 Qb8+ 40. Kh1 Qg3 0-1

[Event "BL2-Nord 1112"]
[Site "Germany"]
[Date "2012.02.26"]
[Round "7.5"]
[White "Jeske, Eckhard"]
[Black "Lichmann, Peter"]
[Result "1-0"]
[WhiteElo "2233"]
[BlackElo "2298"]
[PlyCount "71"]
[EventDate "2011.10.02"]
[EventType "team-tourn"]
[EventRounds "9"]
[EventCountry "GER"]
[SourceTitle "EXT 2015"]
[Source "ChessBase"]
[SourceDate "2014.11.20"]
[SourceVersion "1"]
[SourceVersionDate "2014.11.20"]
[SourceQuality "1"]
[WhiteTeam "Rostock"]
[BlackTeam "Werder Bremen II"]
[WhiteTeamCountry "GER"]
[BlackTeamCountry "GER"]

1. c4 Nf6 2. Nc3 g6 3. e4 d6 4. g3 Bg7 5. Bg2 0-0 6. Nge2 e5 7. 0-0 Be6 8. d3 Qc8 9. f4 exf4 10. Bxf4 Bh3 11. Qd2 Bxg2 12. Kxg2 Nc6 13. Bg5 Ng4 14. h3 Nge5 15. Nd5 f5 16. Nec3 Qd7 17. Rae1 Nd4 18. Be3 fxe4 19. Bxd4 Nf3 20. Bxg7 Nxd2 21. Bxf8 Rxf8 22. Nf6+ Rxf6 23. Rxf6 exd3 24. b3 Qc6+ 25. Nd5 Nxc4 26. bxc4 Qxc4 27. Re8+ Kg7 28. Re7+ Kh6 29. Ne3 Qc6+ 30. Kh2 Kg5 31. Rf2 h6 32. Rf1 Kh5 33. Ng2 d2 34. Nf4+ Kg5 35. Ne6+ Kh5 36. Ng7+ 1-0

[Event "BL2-Nord 1011"]
[Site "Germany"]
[Date "2011.04.10"]
[Round "9.4"]
[White "Lichmann, Peter"]
[Black "Bach, Matthias"]
[Result "1-0"]
[WhiteElo "2314"]
[BlackElo "2276"]
[PlyCount "105"]
[EventDate "2010.10.10"]
[EventType "team-tourn"]
[EventRounds "9"]
[EventCountry "GER"]
[SourceTitle "EXT 2012"]
[Source "ChessBase"]
[SourceDate "2011.11.24"]
[SourceVersion "1"]
[SourceVersionDate "2011.11.24"]
[SourceQuality "1"]
[WhiteTeam "Werder Bremen II"]
[BlackTeam "Hamburger SK II"]
[WhiteTeamCountry "GER"]
[BlackTeamCountry "GER"]

1. b3 d6 2. Bb2 Nd7 3. e3 f5 4. d4 Ngf6 5. Bd3 g6 6. Nh3 Bg7 7. Nf4 Nf8 8. 0-0 Ne6 9. Ne2 d5 10. c4 c6 11. Nd2 0-0 12. Nf3 Bd7 13. Re1 Be8 14. Ne5 Nc7 15. Rc1 Nd7 16. Qd2 e6 17. Ba3 Rf6 18. f4 Bf8 19. Bxf8 Rxf8 20. Qb4 Nxe5 21. dxe5 b6 22. c5 Qe7 23. Qc3 b5 24. a4 Rb8 25. axb5 cxb5 26. b4 g5 27. fxg5 Qxg5 28. Qd4 Rf7 29. Nf4 Rg7 30. g3 Bc6 31. Ra1 a6 32. Be2 Kf7 33. Kf2 Ke7 34. Rg1 Qh6 35. Rg2 Rf8 36. Ke1 Rg5 37. Kd2 Rf7 38. Rag1 Qf8 39. g4 Qh6 40. h4 Rg8 41. g5 Qf8 42. g6 hxg6 43. Nxg6+ Rxg6 44. Rxg6 f4 45. Rf6 fxe3+ 46. Kxe3 Ne8 47. Rxf7+ Qxf7 48. Qf4 d4+ 49. Qxd4 Bd5 50. Qf4 Qh7 51. Bd3 Qh5 52. Bg6 Qh8 53. Qf7+ 1-0

[Event "BL2-Nord 1011"]
[Site "Germany"]
[Date "2011.03.20"]
[Round "8.5"]
[White "Lichmann, Peter"]
[Black "Jeske, Eckhard"]
[Result "1/2-1/2"]
[WhiteElo "2314"]
[BlackElo "2251"]
[PlyCount "88"]
[EventDate "2010.10.10"]
[EventType "team-tourn"]
[EventRounds "9"]
[EventCountry "GER"]
[SourceTitle "EXT 2012"]
[Source "ChessBase"]
[SourceDate "2011.11.24"]
[SourceVersion "1"]
[SourceVersionDate "2011.11.24"]
[SourceQuality "1"]
[WhiteTeam "Werder Bremen II"]
[BlackTeam "Rostock SSC 07"]
[WhiteTeamCountry "GER"]
[BlackTeamCountry "GER"]

1. e4 c6 2. Nf3 d5 3. exd5 cxd5 4. Ne5 Nf6 5. d4 Nc6 6. c3 e6 7. Bd3 Nxe5 8. dxe5 Nd7 9. Qe2 Nc5 10. 0-0 Nxd3 11. Qxd3 Qb6 12. b4 a5 13. Be3 Qc7 14. f4 Bd7 15. b5 a4 16. Nd2 Bc5 17. c4 dxc4 18. Nxc4 Bxe3+ 19. Nxe3 Qb6 20. Rab1 0-0 21. Kh1 Rfd8 22. Qe2 Rac8 23. Rfd1 Be8 24. Rxd8 Rxd8 25. h3 Qd4 26. Nc4 Qxf4 27. Nd6 f6 28. Nxe8 Rxe8 29. exf6 Qxf6 30. Qe4 Qf5 31. Rb4 Qc5 32. Rxa4 Qxb5 33. Rb4 Qc6 34. Qb1 Re7 35. Qb3 Qd5 36. Qxd5 exd5 37. Rb5 Rd7 38. Kg1 Kf7 39. Rb6 Ke7 40. Kf2 Kd8 41. Ke3 Kc7 42. Re6 Rd6 43. Re7+ Rd7 44. Re6 Rd6 1/2-1/2

[Event "BL2-Nord 1011"]
[Site "Germany"]
[Date "2011.01.16"]
[Round "5.4"]
[White "Brustkern, Juergen"]
[Black "Lichmann, Peter"]
[Result "0-1"]
[WhiteElo "2299"]
[BlackElo "2314"]
[PlyCount "108"]
[EventDate "2010.10.10"]
[EventType "team-tourn"]
[EventRounds "9"]
[EventCountry "GER"]
[SourceTitle "EXT 2012"]
[Source "ChessBase"]
[SourceDate "2011.11.24"]
[SourceVersion "1"]
[SourceVersionDate "2011.11.24"]
[SourceQuality "1"]
[WhiteTeam "Zehlendorf"]
[BlackTeam "Werder Bremen II"]
[WhiteTeamCountry "GER"]
[BlackTeamCountry "GER"]

1. d4 Nf6 2. c4 g6 3. Nc3 Bg7 4. e4 d6 5. Nge2 0-0 6. Ng3 a6 7. Be2 c6 8. a4 Nbd7 9. Bg5 h6 10. Be3 h5 11. f3 e5 12. d5 cxd5 13. cxd5 h4 14. Nf1 Nh5 15. Qd2 f5 16. Bg5 Bf6 17. Bh6 Rf7 18. g3 Nc5 19. Ra3 a5 20. exf5 gxf5 21. f4 Ng7 22. Kd1 Qb6 23. fxe5 Bxe5 24. Be3 Bd7 25. Nb5 Raf8 26. Rg1 Bxb5 27. axb5 hxg3 28. hxg3 Qd8 29. Bg5 Bf6 30. Bf4 Ne4 31. Qxa5 Bxb2 32. Qxd8 Rxd8 33. Rb3 Bd4 34. Be3 Be5 35. Bd3 Ra8 36. Ke2 Ra4 37. Kf3 Ne8 38. Nd2 Nc7 39. g4 Nxd2+ 40. Bxd2 fxg4+ 41. Ke2 Nxd5 42. Bg6 Rf6 43. Bc2 Rc4 44. Rd3 Nf4+ 45. Bxf4 Rcxf4 46. Rg2 Rb4 47. Rb3 Rff4 48. Rgg3 Rfc4 49. Rxb4 Rxb4 50. Rb3 Rf4 51. b6 Kf7 52. Rb5 Ke7 53. Bb3 g3 54. Bd5 Rf2+ 0-1

[Event "BL2-Nord 1011"]
[Site "Germany"]
[Date "2010.11.14"]
[Round "3.4"]
[White "Glienke, Manfred"]
[Black "Lichmann, Peter"]
[Result "1-0"]
[WhiteElo "2329"]
[BlackElo "2314"]
[PlyCount "203"]
[EventDate "2010.10.10"]
[EventType "team-tourn"]
[EventRounds "9"]
[EventCountry "GER"]
[SourceTitle "EXT 2012"]
[Source "ChessBase"]
[SourceDate "2011.11.24"]
[SourceVersion "1"]
[SourceVersionDate "2011.11.24"]
[SourceQuality "1"]
[WhiteTeam "Kreuzberg"]
[BlackTeam "Werder Bremen II"]
[WhiteTeamCountry "GER"]
[BlackTeamCountry "GER"]

1. d4 Nf6 2. Nf3 g6 3. Bf4 Bg7 4. e3 Nh5 5. Bg5 d6 6. Be2 0-0 7. Nc3 Nd7 8. h3 c5 9. Qd2 a6 10. a4 b6 11. 0-0 Bb7 12. Rab1 Nhf6 13. d5 Qc7 14. Rfd1 Rfe8 15. Bc4 Nh5 16. e4 Ne5 17. Nxe5 Bxe5 18. Be3 Qd7 19. Bf1 Nf6 20. f3 e6 21. dxe6 Qxe6 22. Bf2 Rac8 23. b3 Bxc3 24. Qxc3 d5 25. Bh4 d4 26. Qd2 Kg7 27. Bg5 Nh5 28. g4 Nf6 29. Re1 Nd7 30. Bc4 Qd6 31. Bf4 Ne5 32. Qg2 Qf6 33. Bxe5 Qxe5 34. Qh2 Qxh2+ 35. Kxh2 Re5 36. Bd3 g5 37. Kg3 f6 38. Rh1 h5 39. Rh2 h4+ 40. Kf2 a5 41. Ke2 Re7 42. Kd2 Rd8 43. Rf2 Bc6 44. Rbf1 Rde8 45. Bc4 Rd8 46. Kd3 Kg6 47. Kd2 Kg7 48. Kc1 Ree8 49. Rd1 Rd7 50. Re2 Rde7 51. Kd2 Re5 52. Kd3 Rd8 53. Rf1 Re7 54. Kd2 Re5 55. Bd3 Re6 56. Ke1 Re7 57. Kf2 Re5 58. Rd1 Re7 59. Red2 Re6 60. Bc4 Re7 61. Rd3 Rc8 62. c3 dxc3 63. Rxc3 Be8 64. Rcd3 Bf7 65. Rd6 Rcc7 66. Ke3 Rb7 67. R1d3 Bxc4 68. bxc4 Kf7 69. R3d5 Re6 70. Rxe6 Kxe6 71. f4 gxf4+ 72. Kxf4 Rf7 73. Rd8 Rb7 74. Rd3 Rb8 75. Rb3 Rb7 76. Rb2 Rb8 77. Rd2 Re8 78. Rd5 Rf8 79. Rh5 Rd8 80. Rh6 Rd1 81. g5 Rf1+ 82. Ke3 Re1+ 83. Kd3 Rg1 84. Rxf6+ Ke7 85. e5 Rxg5 86. Ke4 Rg3 87. Rxb6 Rxh3 88. Rh6 Rh1 89. Kd5 Ra1 90. Rh7+ Kf8 91. Rxh4 Rxa4 92. Rh7 Ra1 93. Rc7 a4 94. Ke6 a3 95. Rxc5 Rc1 96. Rc8+ Kg7 97. Ra8 Rc3 98. Ke7 Re3 99. e6 Kg6 100. Ra5 Rc3 101. c5 Kg7 102. Ke8 1-0

[Event "BL2-Nord 1011"]
[Site "Germany"]
[Date "2010.10.10"]
[Round "1.4"]
[White "Knuth, Hannes"]
[Black "Lichmann, Peter"]
[Result "1-0"]
[WhiteElo "2282"]
[BlackElo "2314"]
[PlyCount "67"]
[EventDate "2010.10.10"]
[EventType "team-tourn"]
[EventRounds "9"]
[EventCountry "GER"]
[SourceTitle "EXT 2012"]
[Source "ChessBase"]
[SourceDate "2011.11.24"]
[SourceVersion "1"]
[SourceVersionDate "2011.11.24"]
[SourceQuality "1"]
[WhiteTeam "Neukloster"]
[BlackTeam "Werder Bremen II"]
[WhiteTeamCountry "GER"]
[BlackTeamCountry "GER"]

1. d4 Nf6 2. c4 g6 3. Nc3 Bg7 4. e4 d6 5. Bg5 Nbd7 6. Be2 c6 7. Qd2 e5 8. d5 cxd5 9. cxd5 0-0 10. f3 a5 11. g4 h6 12. Be3 Nc5 13. h4 h5 14. Bg5 hxg4 15. h5 gxh5 16. Rxh5 Bd7 17. Qe3 b5 18. Bh4 b4 19. Nd1 gxf3 20. Bxf3 Bb5 21. Nf2 Qb6 22. Bxf6 Bxf6 23. Qh6 Nd3+ 24. Nxd3 Qxg1+ 25. Kd2 Qg6 26. Rg1 Bg7 27. Qe3 Bxd3 28. Kxd3 Qf6 29. Rhg5 Rfd8 30. Rxg7+ Qxg7 31. Rxg7+ Kxg7 32. Qg5+ Kf8 33. Bg4 Ke8 34. Be6 1-0

[Event "Oberliga Nord W 0809"]
[Site "Germany"]
[Date "2009.03.29"]
[Round "9.3"]
[White "Lichmann, Peter"]
[Black "Hoellmann, Ludger"]
[Result "1/2-1/2"]
[WhiteElo "2375"]
[BlackElo "2215"]
[PlyCount "44"]
[EventDate "2008.10.05"]
[EventType "tourn"]
[EventRounds "9"]
[EventCountry "GER"]
[SourceTitle "EXT 2010"]
[Source "ChessBase"]
[SourceDate "2010.11.25"]
[SourceVersion "1"]
[SourceVersionDate "2010.11.25"]
[SourceQuality "1"]
[WhiteTeam "Werder Bremen II"]
[BlackTeam "Nordhorn Blanke"]
[WhiteTeamCountry "GER"]
[BlackTeamCountry "GER"]

1. d4 d6 2. Nf3 Bg4 3. c4 Bxf3 4. exf3 g6 5. g3 Bg7 6. Bg2 Nc6 7. d5 Nd4 8. 0-0 c5 9. dxc6 bxc6 10. Nc3 Rc8 11. Be3 Nf5 12. Bxa7 Qa5 13. Be3 Nxe3 14. fxe3 Bxc3 15. bxc3 Qxc3 16. Qd4 Qxd4 17. exd4 e6 18. a4 Ne7 19. a5 Kd7 20. a6 Ra8 21. c5 Rhb8 22. Ra4 Nd5 1/2-1/2

[Event "EU-Cup 24th"]
[Site "Kallithea"]
[Date "2008.10.23"]
[Round "7"]
[White "Lichmann, Peter"]
[Black "Chibukhchian, Artur"]
[Result "1/2-1/2"]
[WhiteElo "2389"]
[BlackElo "2455"]
[PlyCount "40"]
[EventDate "2008.10.17"]
[EventType "team-swiss"]
[EventRounds "7"]
[EventCountry "GRE"]
[SourceTitle "CBM 127"]
[Source "ChessBase"]
[SourceDate "2008.11.13"]
[SourceVersion "1"]
[SourceVersionDate "2008.11.13"]
[SourceQuality "1"]
[WhiteTeam "Werder Bremen"]
[BlackTeam "Bank King"]
[WhiteTeamCountry "GER"]
[BlackTeamCountry "ARM"]

1. d4 d5 2. c4 dxc4 3. e3 e5 4. Bxc4 exd4 5. exd4 Nf6 6. Qb3 Qe7+ 7. Be3 Nbd7 8. Nc3 Nb6 9. Nge2 Nxc4 10. Qxc4 c6 11. d5 Nxd5 12. Nxd5 cxd5 13. Qxd5 Qb4+ 14. Qd2 Be6 15. 0-0 Qxd2 16. Bxd2 0-0-0 17. Be3 b6 18. Nd4 Bd7 19. Rac1+ Kb7 20. Bf4 Bc5 1/2-1/2

[Event "EU-ch U18 18th"]
[Site "Herceg Novi"]
[Date "2008.09.22"]
[Round "7"]
[White "Omarsson, Dadi"]
[Black "Lichmann, Peter"]
[Result "0-1"]
[WhiteElo "2029"]
[BlackElo "2375"]
[PlyCount "36"]
[EventDate "2008.09.15"]
[EventType "swiss"]
[EventRounds "9"]
[EventCountry "MNE"]
[SourceTitle "CBM 126 Extra"]
[Source "ChessBase"]
[SourceDate "2008.11.05"]
[SourceVersion "1"]
[SourceVersionDate "2008.11.05"]
[SourceQuality "1"]

1. e4 c5 2. Nf3 e6 3. d4 cxd4 4. Nxd4 a6 5. Bd3 Qc7 6. 0-0 Nf6 7. Qe2 d6 8. c4 Be7 9. Nc3 0-0 10. f4 Nbd7 11. Kh1 Re8 12. Bd2 b6 13. Rae1 e5 14. Nf5 Bf8 15. g4 Nc5 16. Bc2 exf4 17. b4 Ncxe4 18. Nxe4 Nxe4 0-1

[Event "GER-ch U18"]
[Site "Willingen"]
[Date "2008.05.17"]
[Round "9"]
[White "Lichmann, Peter"]
[Black "Dinger, Florian"]
[Result "1/2-1/2"]
[WhiteElo "2355"]
[BlackElo "2340"]
[PlyCount "76"]
[EventDate "2008.05.11"]
[EventType "swiss"]
[EventRounds "9"]
[EventCountry "GER"]
[SourceTitle "CBM 124 Extra"]
[Source "ChessBase"]
[SourceDate "2008.07.03"]
[SourceVersion "1"]
[SourceVersionDate "2008.07.03"]
[SourceQuality "1"]

1. e4 c5 2. Nf3 d6 3. d4 cxd4 4. Nxd4 Nf6 5. Nc3 a6 6. Bc4 e6 7. Bb3 Nbd7 8. 0-0 Nc5 9. f4 Be7 10. e5 dxe5 11. fxe5 Nxb3 12. axb3 Bc5 13. Be3 Nd5 14. Qf3 0-0 15. Nxd5 Qxd5 16. Qxd5 exd5 17. c3 Re8 18. Bf4 Bf5 19. Ra5 Bb6 20. Ra4 Bd7 21. Raa1 Bxd4+ 22. cxd4 Rac8 23. Rac1 Bb5 24. Rxc8 Rxc8 25. Rc1 Rxc1+ 26. Bxc1 Kf8 27. Kf2 Bd3 28. Ke3 Bc2 29. b4 Ke7 30. b5 a5 31. b6 Kd7 32. Bd2 Kc6 33. Bxa5 Kb5 34. Bc3 Kxb6 35. Bb4 Kb5 36. Bf8 g6 37. b4 h5 38. h4 b6 1/2-1/2

[Event "GER-ch U18"]
[Site "Willingen"]
[Date "2008.05.15"]
[Round "7"]
[White "Lichmann, Peter"]
[Black "Baldauf, Marco"]
[Result "1-0"]
[WhiteElo "2355"]
[BlackElo "2240"]
[PlyCount "47"]
[EventDate "2008.05.11"]
[EventType "swiss"]
[EventRounds "9"]
[EventCountry "GER"]
[SourceTitle "CBM 124 Extra"]
[Source "ChessBase"]
[SourceDate "2008.07.03"]
[SourceVersion "1"]
[SourceVersionDate "2008.07.03"]
[SourceQuality "1"]

1. d4 d5 2. c4 c6 3. Nf3 Nf6 4. Nc3 a6 5. e3 b5 6. b3 Bg4 7. Be2 e6 8. 0-0 Nbd7 9. Bb2 Bd6 10. h3 Bh5 11. a4 b4 12. Na2 Qb8 13. Nc1 0-0 14. Nd3 Qb7 15. c5 Bc7 16. a5 Rfe8 17. Ra4 e5 18. Nfxe5 Bxe2 19. Qxe2 Bxe5 20. dxe5 Ne4 21. Qc2 Qc7 22. f3 Nc3 23. Rxb4 Nb5 24. Rg4 1-0

[Event "GER-ch U18"]
[Site "Willingen"]
[Date "2008.05.12"]
[Round "3"]
[White "Lichmann, Peter"]
[Black "Schloetzer, Waldemar"]
[Result "1-0"]
[WhiteElo "2355"]
[BlackElo "2268"]
[PlyCount "73"]
[EventDate "2008.05.11"]
[EventType "swiss"]
[EventRounds "9"]
[EventCountry "GER"]
[SourceTitle "CBM 124 Extra"]
[Source "ChessBase"]
[SourceDate "2008.07.03"]
[SourceVersion "1"]
[SourceVersionDate "2008.07.03"]
[SourceQuality "1"]

1. d4 d5 2. c4 e6 3. Nc3 Be7 4. cxd5 exd5 5. Bf4 c6 6. e3 Bf5 7. Nge2 Nf6 8. Ng3 Bg6 9. h4 h6 10. h5 Bh7 11. Bd3 0-0 12. Bxh7+ Kxh7 13. Qc2+ Kh8 14. Nf5 Ne8 15. 0-0-0 Nd6 16. Nxe7 Qxe7 17. g4 Nd7 18. Rhg1 f6 19. f3 Rfe8 20. Kb1 Nf8 21. Rge1 Ne6 22. Bxd6 Qxd6 23. f4 Re7 24. Ne2 Qb4 25. a3 Qa5 26. Rf1 Kg8 27. g5 fxg5 28. f5 Nf8 29. f6 Rxe3 30. fxg7 Kxg7 31. Rf2 Qc7 32. Rdf1 Re6 33. Nc1 Rae8 34. Nd3 Qg3 35. Ne5 Qh4 36. Rf7+ Kg8 37. Rxf8+ 1-0